| 000 | 00544nam a22001817a 4500 | ||
|---|---|---|---|
| 005 | 20251108170024.0 | ||
| 008 | 250721s2000 xx 000 0 ara d | ||
| 082 | 1 | 4 | _a613.7/برن |
| 100 | 1 |
_aرستم، علي _eمترجم |
|
| 245 | 1 | 0 | _aبرنامج العد التنازلي لقوام رشقي في 36 يوماً / |
| 250 | _aط4. | ||
| 264 | 1 |
_aدمشق : _bدار المعرفة، _c2000. |
|
| 300 | _a173ص. | ||
| 650 | 1 | 7 | _aاللياقة البدنية |
| 650 | 1 | 7 | _aالصحة العامة |
| 942 |
_2ddc _cBK |
||
| 999 |
_c37632 _d37632 |
||